000 00422nam a22001697a 4500
003 OSt
008 230915b |||||||| |||| 00| 0 eng d
020 _a9789391098216
082 _a510 BHE
100 _aBHARGAVA,ML
245 _aElements of Mathematical Foundations for Computer Science-1
250 _a1st Ed
260 _aNew Delhi
_bJeevansons Publications
300 _aMISC
650 _aMath
942 _2ddc
_cBK
999 _c12073
_d12073